The making of Southern Karnataka : (Record no. 61875)
[ view plain ]
| 000 -LEADER | |
|---|---|
| fixed length control field | 01511nam a22002537a 4500 |
| 005 - DATE AND TIME OF LATEST TRANSACTION | |
| control field | 20120203111810.0 |
| 010 ## - LCCN (DPL NO) | |
| LC control number | B-452556-560 |
| 020 ## - INTERNATIONAL STANDARD BOOK NUMBER | |
| International Standard Book Number | 8125029125 |
| Terms of availability | 775.00 |
| 020 ## - INTERNATIONAL STANDARD BOOK NUMBER | |
| International Standard Book Number | 9788125029120 |
| Terms of availability | 775.00 |
| 035 ## - SYSTEM CONTROL NUMBER | |
| System control number | B-452556-560 |
| 037 ## - SOURCE OF ACQUISITION | |
| Source of stock number/acquisition | Virtuous Pub./Ven |
| 100 ## - MAIN ENTRY--PERSONAL NAME | |
| Personal name | Adiga,Malini |
| 245 ## - TITLE STATEMENT | |
| Title | The making of Southern Karnataka : |
| Remainder of title | society,polity and culture in the early medieval period / |
| Statement of responsibility, etc | by Malini Adiga |
| 260 ## - PUBLICATION, DISTRIBUTION, ETC. (IMPRINT) | |
| Place of publication, distribution, etc | New Delhi |
| Name of publisher, distributor, etc | Orient Longman |
| Date of publication, distribution, etc | 2006 |
| 270 ## - ADDRESS | |
| Address | 1/24 Asaf Ali Road, |
| City | New Delhi |
| Postal code | 110002 |
| 300 ## - PHYSICAL DESCRIPTION | |
| Extent | vi,451p, |
| Dimensions | 22cm(Hb) |
| 500 ## - GENERAL NOTE | |
| General note | Includes index |
| 942 ## - ADDED ENTRY ELEMENTS (KOHA) | |
| Source of classification or shelving scheme | Dewey Decimal Classification |
| Item type | English Books |
| Call number suffix | ADI |
| Withdrawn status | Lost status | Not for loan | Collection code | Home library | Current library | Date acquired | Source of acquisition | Cost, normal purchase price | Full call number | Barcode | Copy number | Cost, replacement price | Koha item type |
|---|---|---|---|---|---|---|---|---|---|---|---|---|---|
| Non-fiction | Central Library | Central Library | 17/02/2012 | Virtuous Pub./686/14.10.11/05/15.9.11/29.11.11 | 775.00 | 954.32 ADI | B-452556 | 1 | 775.00 | English Books | |||
| Non-fiction | Karol Bagh | Karol Bagh | 17/02/2012 | Virtuous Pub./686/14.10.11/05/15.9.11/29.11.11 | 775.00 | 954.32 ADI | B-452559 | 1 | 775.00 | English Books | |||
| Non-fiction | Patel Nagar | Patel Nagar | 17/02/2012 | Virtuous Pub./686/14.10.11/05/15.9.11/29.11.11 | 775.00 | 954.32 ADI | B-452557 | 1 | 775.00 | English Books | |||
| Non-fiction | Sarojini Nagar | Sarojini Nagar | 17/02/2012 | Virtuous Pub./686/14.10.11/05/15.9.11/29.11.11 | 775.00 | 954.32 ADI | B-452558 | 1 | 775.00 | English Books | |||
| Non-fiction | Shahdara Branch | Shahdara Branch | 17/02/2012 | Virtuous Pub./686/14.10.11/05/15.9.11/29.11.11 | 775.00 | 954.32 ADI | B-452560 | 1 | 775.00 | English Books |
